000 01273nam0a22002771 4500
001 rc\4666861
005 20250612145433.0
021 _aRU
_b[60-11214ж]
035 _a(NLR Aleph) 008700074
090 _a9293167
_c9293167
100 _a20130416d1960 |||y0rusy50 ca
101 0 _arus
102 _aRU
105 _aa z |||||
200 1 _aПетрография и минералогия месторождений асбеста
_e[Сборник статей
_fОтв. ред. В.П. Петров]
210 _aМосква
_cИзд-во Акад. наук СССР
_d1960
215 _a75 с.
_cил.
_d26
225 1 _aАкадемия наук СССР. Труды Института геологии рудных месторождений, петрографии, минералогии и геохимии
_vВып. 47
320 _aБиблиогр. в конце статей
606 _aАсбест
_xМесторождения
_xГеология
_jСборники
_2psbo
702 1 _4070
_7ca
_8rus
_aПетров
_bВ. П.
_cд-р геол.-минерал. наук
_f1908-1993
_gВалерий Петрович
_9254951
_3RU\NLR\AUTH\770255007
801 0 _aRU
_bNLR
_gpsbo
801 1 _aRU
_bELAR
_2rusmarc
852 _aNLR
_jП8/246
942 _cBOOK
980 _aNB